La salud en Colombia : (Registro nro. 7294)
[ vista simple ]
| 000 -LEADER | |
|---|---|
| fixed length control field | 01942nam a22003017a 4500 |
| 003 - CONTROL NUMBER IDENTIFIER | |
| control field | OSt |
| 005 - DATE AND TIME OF LATEST TRANSACTION | |
| control field | 20210223121314.0 |
| 008 - FIXED-LENGTH DATA ELEMENTS--GENERAL INFORMATION | |
| fixed length control field | 210223s2017 ck ad||gr|||| 00| 0dspa d |
| 020 ## - INTERNATIONAL STANDARD BOOK NUMBER | |
| International Standard Book Number | 9789586643573 |
| 040 ## - CATALOGING SOURCE | |
| Original cataloging agency | CO-JMCR |
| Transcribing agency | CO-JMCR |
| 041 0# - LANGUAGE CODE | |
| Language code of text/sound track or separate title | spa |
| 082 04 - DEWEY DECIMAL CLASSIFICATION NUMBER | |
| Classification number | 362.109861 / |
| Item number | B712s |
| Edition number | 23 |
| 100 1# - MAIN ENTRY--PERSONAL NAME | |
| Personal name | Bonet, Jaime, |
| Relator term | editor |
| 9 (RLIN) | 8091 |
| 245 13 - TITLE STATEMENT | |
| Title | La salud en Colombia : |
| Remainder of title | una perspectiva regional / |
| Statement of responsibility, etc. | Jaime Bonet, Karelys Guzmán y Lucas Hahn De Castro (Editores) |
| 260 ## - PUBLICATION, DISTRIBUTION, ETC. | |
| Place of publication, distribution, etc. | Bogotá : |
| Name of publisher, distributor, etc. | Banco de la República, |
| Date of publication, distribution, etc. | 2017 |
| 300 ## - PHYSICAL DESCRIPTION | |
| Extent | xxxvii, 408 páginas : |
| Other physical details | ilustraciones a blanco y negro ; |
| Dimensions | 23 cm. |
| 490 0# - SERIES STATEMENT | |
| Series statement | Colección de Economía Regional |
| 500 ## - GENERAL NOTE | |
| General note | Incluye datos biográficos de los autores y notas a pie de página. |
| 504 ## - BIBLIOGRAPHY, ETC. NOTE | |
| Bibliography, etc. note | Referencias bibliográficas al final de cada capítulo. |
| 505 0# - FORMATTED CONTENTS NOTE | |
| Formatted contents note | El estado de salud de los colombianos -- La oferta de servicios de salud -- La demanda de atención en salud -- Las finanzas del sector salud |
| 520 3# - SUMMARY, ETC. | |
| Summary, etc. | Esta obra hace caracterización del estado de la salud en las regiones colombianas. Si bien la evidencia muestra mejoras en indicadores de salud como la esperanza de vida y la tasa de mortalidad infantil, algunas regiones todavía exhiben rezagos. Aquí se identifican algunas de las diferencias regionales en salud pública, como por ejemplo la falta de capacidad instalada y la presencia de barreras al acceso por el lado de la oferta. Reconocer estas diferencias, estudiar sus causas y proponer mecanismos que mejoren las actuales fallas del sistema de salud debe ser una prioridad en la agenda de las políticas públicas. |
| 650 14 - SUBJECT ADDED ENTRY--TOPICAL TERM | |
| Topical term or geographic name entry element | Salud pública |
| Chronological subdivision | Siglo XXI |
| Geographic subdivision | Colombia |
| 9 (RLIN) | 13811 |
| 650 14 - SUBJECT ADDED ENTRY--TOPICAL TERM | |
| Topical term or geographic name entry element | Financiamiento de la salud |
| Chronological subdivision | Siglo XXI |
| Geographic subdivision | Colombia |
| 9 (RLIN) | 13812 |
| 650 24 - SUBJECT ADDED ENTRY--TOPICAL TERM | |
| Topical term or geographic name entry element | Administración de servicios de salud |
| Chronological subdivision | Siglo XXI |
| Geographic subdivision | Colombia |
| 9 (RLIN) | 13813 |
| 700 1# - ADDED ENTRY--PERSONAL NAME | |
| Personal name | Guzmán, Karelys, |
| Relator term | editor |
| 9 (RLIN) | 13814 |
| 700 1# - ADDED ENTRY--PERSONAL NAME | |
| Personal name | Hahn De Castro, Lucas, |
| Relator term | editor |
| 9 (RLIN) | 13815 |
| 942 ## - ADDED ENTRY ELEMENTS (KOHA) | |
| Source of classification or shelving scheme | Dewey Decimal Classification |
| Koha item type | Books |
| Withdrawn status | Lost status | Source of classification or shelving scheme | Damaged status | Not for loan | Collection code | Home library | Current library | Date acquired | Source of acquisition | Total Checkouts | Full call number | Barcode | Date last seen | Copy number | Price effective from | Koha item type |
|---|---|---|---|---|---|---|---|---|---|---|---|---|---|---|---|---|
| Dewey Decimal Classification | Non-fiction | Biblioteca Pública José María del Castillo y Rada | Biblioteca Pública José María del Castillo y Rada | 10/02/2020 | Donación | 362.109861 / B712s | 201810564 | 05/16/2024 | Ej.1 | 02/23/2021 | Books |